000 00657nam a2200265Ia 4500
003 OSt
005 20220912151438.0
006 a|||||r|||| 00| 0
007 ta
008 220909b |||||||| |||| 00| 0 eng d
024 _a49134
037 _cTextual
040 _aCSL
_beng
_cCSL
041 _aeng
082 _aH4225, M7
100 _aDevoy R J N Ed.
245 0 _aSea surface studies: A global view
260 _aLondon
_bCroom Helm
_c1987
300 _a649p.
_ccm.
650 _a Marine geology
650 _a Ocean
650 _aGeology
942 _hH4225, M7
_cTEXL
_2CC
999 _c68815
_d68815